000
00187 a2200097 4500
020
_a
9780330323680
041
_a
eng
100
_a
Godden, Rumer
245
_a
The Peacock Spring
942
_c
BK
999
_c
7828
_d
7828